[Event "Lindores Abbey Rapid Challenge Final 8"]
[Site "Online"]
[Date "2020.05.26"]
[Round "3.8"]
[White "So, Wesley"]
[Black "Carlsen, Magnus"]
[Result "0-1"]
[WhiteElo "2741"]
[BlackElo "2881"]
[EventDate "2020.??.??"]
[Annotator "Bojkov,Dejan"]
[PlyCount "68"]
[Beauty "8040849908785"]
[EventType "rapid"]

1.Nf3 d5 2.d4 Nf6 3.c4 e6 4.g3 dxc4 5.Bg2 Bb4+ 6.Bd2 a5 7.O-O O-O 8.Na3 ( {Another top GM online effort went} 8.e3 Nc6 9.Qe2 e5 10.Nxe5 Nxe5 11.dxe5 Ng4 12.a3 Bxd2 13.Nxd2 Nxe5 14.Nxc4 Nxc4 15.Qxc4 c6 {Matlakov,M (2685)-Gelfand,B (2676) chess.com INT 2020} ) 8...Bxa3 9.bxa3 b5 10.Qb1 {All of this has been seen so far with Carlsen uncorking novelty now.} 10...c6 $146 {Which is a generally useful move. The long diagonal is blocked, the seventh rank opened for the queenside rook and Black does not yet determine his bishop position.} ( {An earlier game saw White desperately attacking the enemy king after} 10...Ba6 11.e4 Nc6 12.e5 Nd5 13.Ng5 g6 14.Qe4 c3 15.Qh4 h5 16.g4 {, but ultimately Black emerged victorious in Prydun,A (2224)-Lagashin,P (2066) Lvov 2018} ) 11.e4 {So quickly banged out his next couple of moves. The threat is e4-e5.} ( {After} 11.Qc2 {Black may choose} 11...Bb7 {Not fearing} ( {besides the conventional} 11...Ba6 ) 12.a4 b4 13.Qxc4 Ba6 ) ( {Also logical seems} 11.Rd1 {when Black needs to sidestep the X-raying of the rook with} 11...Qe7 ) 11...h6 {Black is paying attention.} ( {Normal development like} 11...Nbd7 {allows} 12.e5 Nd5 13.Ng5 g6 14.Ne4 {with strong play on the weakened dark squares.} ) 12.g4 {Also played a tempo! It is a typical way to generate kingside threats, especially after Black somewhat weakened himself.} ( {Here} 12.e5 Nd5 13.Qc1 {with the threat of a bishop sacrifice on h6 is well met with} 13...f5 $1 ) 12...Nh7 ( {No, this pawn cannot be taken:} 12...Nxg4 13.e5 {Jeopardizes the position of the black knight, and in order to save it Black has to weaken his king further. After} 13...h5 14.h3 Nh6 15.Bg5 Qb6 16.Bxh6 gxh6 17.Qc1 {is giving White too much of an attack.} ( {Or} 17.Kh2 ) ) 13.h4 ( {Here} 13.Rd1 $5 {makes sense, depriving Black of the game resource.} ) 13...e5 {Now the bishop works without the need of development.} 14.Nxe5 ( {There is also the ultra-sharp try} 14.g5 exd4 15.gxh6 g6 {But then it is difficult to bring the white pieces closer to the enemy king.} ) 14...Qxd4 15.Bf4 Re8 {Carlsen has only three pieces out, and one of them is not perfect. There should be a tactical shot in the air.} 16.Qc1 $5 {Quite a good move! So is eyeing the kingside.} ( {The alternative is} 16.Rd1 Qc5 {and} 17.a4 {to open as many diagonals and files as possible. Then} 17...Nf8 {might be met with} ( {After} 17...b4 18.Qc1 {still looks for White, for example} ( {Here} 18.Nxf7 Kxf7 19.Bd6 {is not convincing due to:} 19...Qa7 $1 ) 18...Be6 19.g5 {mounting kingside pressure.} ) 18.Nxf7 Kxf7 19.Bd6 Qb6 20.axb5 cxb5 21.e5 {and although Black is a whole piece ahead, White's kingside attack looks impressive.} ) 16...Qc5 17.Rd1 Na6 {Time to tackle the queenside pieces.} ( {Of course not} 17...Rxe5 18.Bxe5 Qxe5 19.Rd8+ ) 18.Nxc6 $5 {There it is, the sacrifice!} ( {Another interesting idea is connected with the move:} 18.Qc3 $5 {Then the computer recommendation} 18...g5 {leads to a mess:} ( {After} 18...Be6 19.g5 b4 {The queen can be shifted for a kingside attack:} 20.Qg3 ) 19.hxg5 hxg5 20.Bg3 b4 {This is the concrete point behind the g7-g5 advance. The queens are traded:} 21.Qxc4 Rxe5 22.Rd8+ Kg7 23.Qxc5 Rxc5 24.Bf1 {And despite Black's extra piece the game remains unclear.} ) 18...Qxc6 19.e5 Qc5 20.Bxa8 {So wins an exchange, but} 20...Bxg4 {highlights the fact that his king is weak.} 21.Be3 {The only move.} ( {After} 21.Bg2 Bxd1 22.Qxd1 Nf8 {Black's edge is indisputable.} ) 21...Qxe5 22.Rd4 Nf6 {Carlsen does not tolerate idle pieces and always hurries to bring them into the game.} ( {However:} 22...Qh5 $1 {first would have been perfect here, for instance} 23.Bg2 ( {The consequences of} 23.Bc6 Re6 24.Rd8+ Nf8 {are favorable for Black.} ) 23...Nf6 ) 23.Bc6 Re6 {Same principle as above. The rook can do better and is aiming for the g-file.} 24.Bg2 {Solid, as much as possible.} ( {But the ambush:} 24.Qb2 $1 {would have been better:} 24...Qc7 ( {Surely not} 24...Rxc6 $4 25.Rd8+ ) 25.Bg2 b4 26.Qc2 c3 27.Qd3 {looks good for White.} ) 24...Nc5 25.Qc3 {So ambushes the black queen again but gets a world-champion's class move in return:} 25...Kh7 $3 {Super-cool prophylaxis while the attack is ongoing. Impressive!} 26.Qxa5 Nd3 {Alas, there was no time to calculate accurately the winning continuation.} ( {This is} 26...Rd6 $1 {X-raying the white rook on a1 now! Carlsen probably feared the alternative pin:} 27.Qc7 Ne8 28.Qb8 {but this is refuted with the spectacular} 28...Bf3 $3 {and then the white king is opened:} 29.Bxf3 {Carlsen can get his ambush-revenge:} 29...Rg6+ $1 ) 27.Rb1 Qf5 28.Rxb5 Qg6 ( {White is better after} 28...Re5 29.a4 ) 29.Qa8 {Playing for mate.} ( {If So had more time on the clock, he might have chosen the world-class prophylaxis too:} 29.Kh2 $1 ) 29...Ne5 30.Rd8 Ne8 ( {Here is some computer food for thought:} 30...Qh5 31.Qb8 c3 32.f4 c2 33.Rxe5 Bf5 34.Rh8+ Kg6 35.Qb5 Qd1+ 36.Bf1 Qg4+ {is a fair draw result, according to the machine.} ) 31.Rxe8 {This loses.} ( {It is not too late for star prophylaxis with} 31.Kh1 $3 ) ( {Not as accurate is:} 31.Kh2 Qh5 {as the white rook on b5 is vulnerable to the discovered attacks.} ) 31...Rxe8 32.Qxe8 Nf3+ {Black is winning by force.} 33.Kh1 ( {Nothing changes} 33.Bxf3 Bd7+ 34.Rg5 Qb1+ ) 33...Qd3 34.Bd2 ( {Or mate in case of} 34.Bxf3 Qf1+ 35.Kh2 Qh3+ 36.Kg1 Bxf3 ) 34...Qxd2 {An exciting game!} 0-1

[Event "Lindores Abbey Rapid Challenge Final 8"]
[Site "Online"]
[Date "2020.05.30"]
[Round "10.5"]
[White "Carlsen, Magnus"]
[Black "Nakamura, Hikaru"]
[Result "0-1"]
[WhiteElo "2881"]
[BlackElo "2829"]
[EventDate "2020.??.??"]
[Annotator "Bojkov,Dejan"]
[PlyCount "84"]
[Beauty "7495791675914"]
[EventType "rapid"]

1.d4 Nf6 2.c4 e6 3.Nf3 d5 4.Nc3 Be7 {Nakamura trusts his QGD till the end. Indeed, what is the use of the classical openings if we cannot use them in the decisive games?} 5.Bf4 O-O 6.e3 Nbd7 7.Be2 dxc4 8.O-O a6 ( 8...Nb6 {was game three.} ) ( {Two interesting top GM games were played recently. Both featured the move} 8...c5 {where MVL and Radjabov discussed the endgame after:} 9.dxc5 Nxc5 10.Bxc4 Qxd1 11.Rfxd1 b6 12.Nd4 Bb7 13.Rac1 a6 14.a3 Rac8 15.b4 {which Black eventually held in Vachier-Lagrave,M (2778)-Radjabov,T (2765) chess.com INT 2020} ) ( {The heroes of today's match chose to battle in a much sharper version of the line after} 8...c5 9.dxc5 Bxc5 10.Bxc4 a6 11.Ng5 b5 12.Bxe6 fxe6 13.Nxe6 Qe7 14.Nxf8 Qxf8 15.Ne4 Bb7 16.Nxc5 Qxc5 17.Rc1 {with the world champion eventually being more happy than his opponent in Carlsen,M (2863) -Nakamura,H (2736) chess24.com INT 2020. It would have been naive though to expect that the American GM would not come armed to the teeth for this line in specific.} ) 9.a4 Nd5 10.Bg3 c5 {Simple play. Black enters an IQP structure with a white bishop on the b8-h2 diagonal which many people believe not to be optimal for White.} 11.Bxc4 cxd4 12.exd4 N7b6 $146 ( {The predecessor saw White obtaining decent compensation for the pawn after} 12...Nb4 13.Re1 Nf6 14.Qe2 Bd7 15.Rad1 Qa5 16.d5 exd5 17.Qxe7 Rfe8 18.Qd6 dxc4 19.Re5 Rxe5 20.Bxe5 Be6 21.Bxf6 gxf6 22.h3 Nc6 23.Qg3+ Kh8 24.Qh4 {Boychuk,T (2510)-Lalic,B ICCF email 2016} ) 13.Bb3 a5 $1 {Indeed, the white pawn should not be allowed to get to the a5 square.} ( 13...Bd7 14.a5 Nxc3 15.bxc3 Nd5 16.c4 {is clearly better for White as his hanging pawns are ready to roll.} ) 14.Ne5 Bd7 15.Ne4 ( {Black's answer to} 15.Qf3 {would be the same:} 15...Bc6 ) 15...Bc6 {Karpov's beloved maneuver which he successfully used in a model again against his great rival Kortschnoi.} 16.Nxc6 bxc6 17.Rc1 {True, in the aforementioned world championship game the dark-squared bishops were already traded, just as a pair of knights too and Black was already better at this point. Here, Carlsen can put pressure on both sides. On the queenside there are weaknesses on a5 and c6, whereas White can always try to mate the black king in IQP positions.} 17...Nb4 ( {After} 17...Rc8 {White can force the text move anyway with} 18.Qd2 Nb4 19.Rfd1 ) 18.Qe2 N6d5 19.Rfd1 {Overprotecting the d4 pawn and preparing Ne4-c5 at a good moment.} 19...Re8 {Also a useful, overprotective move. The e6 point could be quite sensitive in Black's setup.} 20.Qf3 ( {It is too early for} 20.Nc5 {as} 20...Bg5 $1 21.Rc4 Bf4 {would trade White's bishop pair while keeping the good knights aboard.} ) 20...Ra7 {Another useful, overprotective move. If a chance is given the rook will put pressure along the d-file.} 21.Be5 Bf8 {This is what Nakamura had in mind while maneuvering with the rooks. But as strangely as it sounds, it is a blunder!} ( {Some more overprotection would not have hurt:} 21...Rd7 $1 {which leaves the position approximately equal and} 22.Nc5 {can be met with} 22...Bxc5 23.dxc5 ( {Or:} 23.Rxc5 Ne7 $5 {followed by Ne7-f5 to get to the d4 pawn.} ) 23...Qg5 {The knights are perfectly cementing Black's position.} ) 22.Qg3 {Played a tempo.} ( {But since the black bishop lifted the defense of the vital f6 square next to his king, Carlsen could have won at least a pawn now with the sudden} 22.Bxd5 $3 {Strong players often do not even consider such moves which voluntarily gives away the bishop pair. Now} 22...cxd5 {leads to a disaster after:} ( {Similar is Black's destiny in case of} 22...exd5 23.Nf6+ $1 ) ( {Whereas:} 22...Qxd5 23.Nf6+ gxf6 24.Qxf6 {has a somewhat different flavor, but still bitter for Black.} ) ( {The lesser evil is to concede the pawn at once with} 22...Nxd5 $1 23.Rxc6 {although it is a healthy extra pawn for White!} ) 23.Nf6+ $1 gxf6 24.Bxf6 ) 22...f6 23.Bd6 $1 {Carlsen skilfully softens the dark squares, thus securing access to the a5 pawn for his rook.} 23...Bxd6 24.Nxd6 Rf8 ( 24...Ree7 $5 {might have been safer for Black.} ) 25.Ne4 ( {It made sense to lure the black queen to d7 and win a tempo later:} 25.Re1 $1 Qd7 26.Ne4 ) 25...Qb8 26.Qf3 Re8 ( {The generally desirable trade of the queens} 26...Qf4 $6 {drops a pawn after} 27.Bxd5 Nxd5 28.Qxf4 Nxf4 29.Rxc6 ) 27.g3 $1 {Air for the white king, less room for the black queen.} 27...Kh8 {Nakamura decided to free himself of the e6 weakness.} 28.Nc5 Rae7 29.Bc4 e5 30.dxe5 Qxe5 {Goal achieved, but what to do after:} 31.Rd2 Qg5 {Active play, which eventually brought luck to the American GM.} ( {But since the remaining pawn weaknesses are on the queenside, objectively better was} 31...Qc7 $5 ) 32.Nb3 Nb6 ( {In case of} 32...Re4 {White would have replied with} 33.Bf1 {followed by Rc1-c5.} ) 33.h4 {A tough choice for Black. To stay active or not?} 33...Qe5 {It is really difficult to offer a good advise for Black here. Nakamura feels best though; he has won and saved countless of blitz and bullet games thanks to his active pieces.} ( {After} 33...Qh6 {White has a pleasant choice between:} 34.Bf1 ( {and} 34.Rdd1 Nxa4 35.Nd4 {with chances to increase his advantage due to the idle black queen.} ) ) 34.Re2 Qc7 35.Rxe7 Qxe7 $1 {Incredible intuition!} ( {Apparently Black did not have the luxury to calculate the consequences of} 35...Rxe7 36.Nxa5 Nxa4 37.Nxc6 $1 {but he correctly felt he should be lost due to the weakness of the back rank. So it is!} 37...Qxc6 38.Bf1 $3 Qe6 39.Qa8+ Re8 40.Qxa4 {leaves Black defendless.} ) 36.Nxa5 Qe5 {Activity!} ( 36...Nxa4 37.Qb3 Nb6 38.Nxc6 Nxc6 39.Qxb6 Ne5 40.Be2 {is similar to the above-mentioned, losing line for Black.} ) 37.Nb3 {With seconds left Carlsen does what his intuition tells him and this has helped him countless times as well. He wants his knight back into the game. And this, misses the win...} ( {Chess will always remain an amazing game and the winning line is yet another prove for that:} 37.Bf7 $3 {The world champion played this on the next move, but here it would have won due to the unusual domination after} 37...Qxb2 38.Rd1 Rf8 39.Nxc6 Nxa4 {Black has cleared the most dangerous white pawns, but after the unbelievable} 40.Nd8 $3 {White's position is so strong that there is no way Black can bring his queenside in time. Yes, the knight are notorious short-legged species, but still, let's check:} 40...Nc3 41.Rd7 Ne2+ 42.Kg2 Nd4 {This seems about right, but how to defend after} 43.Qe4 Nbc2 44.Bc4 $1 {Black is getting checkmated, or loses tons of material!} ) 37...Nxa4 38.Bf7 {A move too late.} ( {But:} 38.Bf1 Nxb2 {brings White nothing.} ) 38...Rf8 39.Rc4 Rxf7 40.Rxb4 $4 {A blunder, which did not matter for the overall match victory.} ( {Carlsen could have saved the game, but not the match with:} 40.Re4 Qb8 41.Qf4 Rf8 42.Rxb4 Qxf4 {when the arising game is a draw no matter what White captures back with.} ) 40...Qe1+ 41.Kh2 Qxb4 42.Qxc6 Rf8 0-1

[Event "Online Nations Cup Prelim"]
[Site "chess.com INT"]
[Date "2020.05.05"]
[Round "1.2"]
[White "Artemiev, Vladislav"]
[Black "Aronian, Levon"]
[Result "1-0"]
[WhiteElo "2716"]
[BlackElo "2773"]
[EventDate "2020.05.05"]
[Annotator "Bojkov,Dejan"]
[PlyCount "95"]
[Beauty "7148570425387"]
[EventType "game"]

1.d4 Nf6 2.c4 e6 3.Nc3 Bb4 4.Bd2 {This is considered to be one of the most harmless continuations against the Nimzo-Indian, but it was used in the past by Alekhine.} 4...O-O 5.Nf3 c5 6.a3 Bxc3 7.Bxc3 Ne4 8.Rc1 b6 ( {Another grandmaster game saw a quick draw after:} 8...d6 9.e3 Nxc3 10.Rxc3 Qe7 11.b4 b6 12.Be2 Nd7 13.O-O {1/2-1/2 (13) Heberla,B (2552)-Piorun,K (2660) Katowice 2019} ) 9.g3 Bb7 10.Bg2 Nxc3 {Aronian hurries to get rid of the bishop pair.} ( {Although:} 10...d6 $5 {might be more accurate. The bishop has nowhere to go anyway.} ) 11.Rxc3 cxd4 12.Qxd4 Nc6 13.Qd2 $146 {An obvious move and a novelty, which both players were hardly aware of.} ( {The predecessor was:} 13.Qf4 Qb8 14.Qe3 d6 15.O-O Rd8 16.Rd1 Qc7 17.Rcd3 Rd7 18.Qd2 Rad8 19.b4 {with approximate equality in Von Herman,U (2395)-Janz, F (2337) Luebeck 2011} ) 13...Qe7 14.O-O Rfd8 {Now a Hedgehog pawn structure arose in which both sides traded a couple of minor pieces. White has some pressure along the d-file, but Black's position is as solid as a rock. His last move prepares the freeing d7-d5 break, therefore:} 15.e4 Rac8 16.Rd1 d6 17.b3 {An important prophylaxis.} ( {As:} 17.Rd3 $2 Na5 {drops material for White.} ) 17...Ne5 18.Nd4 {Artemiev needs to keep some minor pieces on the board if he wants to play for something.} ( {The endgame after:} 18.Nxe5 dxe5 19.Rd3 Rxd3 20.Qxd3 Kf8 {is equal instead.} ) 18...a6 19.Re3 {White continues maneuvering.} ( {After:} 19.f4 {Aronian could have ignored the threat:} 19...Qc7 20.fxe5 dxe5 ) 19...Qc7 {Getting ready for counter-actions.} 20.h3 ( {As in the line:} 20.f4 Ng4 21.Rd3 b5 22.cxb5 axb5 23.Nxb5 $2 Qc5+ 24.Nd4 e5 {when Black is winning.} ) 20...h6 21.Qb2 {The queen steps out of the X-raying rook.} 21...Qc5 22.a4 ( {Still too early for:} 22.f4 b5 23.fxe5 dxe5 ) 22...Kf8 {Aronian decided to defend his only weakness with his king, but this might be risky...} ( {The counter-play:} 22...Qb4 {is repelled with:} 23.Re2 Nd7 24.Nc2 Qc5 25.Red2 ) ( {It is worth noting that the engine recommends to hold with:} 22...Nd7 23.Kh2 Qc7 24.f4 Nc5 ) 23.Kh2 a5 24.Qe2 Nc6 25.Red3 Nxd4 {Finally Black traded the annoying knight.} 26.Rxd4 Rc7 27.Qd2 Rcd7 28.Rd3 Ke7 29.f4 {But it is still a bit awkward for Black, as the e4-e5 break is always in the air. Black defends his rook with:} 29...Bc6 30.Rf1 {Then blunders:} 30...g5 ( {It was not late to step back into safety:} 30...Kf8 31.Rd1 Ke7 ) 31.fxg5 hxg5 ( {The lesser eveil was to allow the double attack after:} 31...Qxg5 32.Qf2 ) 32.Rd5 $3 {Brilliant! The white queen gets an access to the kingside.} 32...Bxd5 ( {Against:} 32...exd5 33.Qxg5+ {wins after some subtle checks:} 33...Kf8 34.Qh6+ Ke8 35.Qh8+ Ke7 36.Qh4+ Ke8 37.exd5 {with the mortal threat of an open-file check.} ) 33.Qxg5+ Kf8 ( {Or mate in two:} 33...Ke8 34.Qg8+ Ke7 35.Rxf7# ) 34.cxd5 {Now the black queen is cut out of the defense.} ( 34.exd5 {should also suffice, but the text is stronger.} ) 34...Re7 ( {Against:} 34...exd5 {Artemiev would have to find another star idea:} 35.Rf5 $3 Qd4 36.e5 $1 {Permanently cutting the black queen from her king with a mating attack after:} 36...dxe5 37.Qh6+ Ke8 38.Qh8+ Ke7 39.Qf6+ Ke8 ( 39...Kf8 40.Rh5 ) 40.Rxe5+ Kf8 41.Qh8# ) 35.e5 $3 {The same powerful idea! The black queen is cut along the fifth rank, but it is also deprived of access on the long diagonal.} 35...Rc8 {The rook steps out of the pin... just to land under another.} ( {Nothing changes:} 35...exd5 36.e6 $1 ) ( {Nor:} 35...dxe5 36.dxe6 $1 ) 36.Rf4 dxe5 {This drops material, but the alternative was mate.} ( 36...Qc1 37.Qf6 {followed by Rf4-h4-h8 is unstoppable.} ) 37.Rc4 exd5 38.Qh6+ Ke8 39.Rxc5 Rxc5 40.Qxb6 {The rest was easy for White.} 40...Rec7 41.Bxd5 Rc2+ 42.Bg2 e4 43.Qb5+ R7c6 44.h4 Kf8 45.Qb8+ Ke7 46.Kh3 f5 47.Qe5+ Re6 48.Qxf5 1-0